Stavebné parcely sa vyliahli z cintorína známe mená nemajú ďaleko k Smeru

Podrobná bibliografia
Hlavný autor: (jav) (Autor)
Médium: Článok
Jazyk:slovenčina
Fyzický popis:Fotogr.
ISSN:1338-659X
Predmet:
On-line prístup:http://kosice.korzar.sme.sk/c/20381089/stavebne-parcely-sa-vyliahli-z-cintorina-zname-mena-nemaju-daleko-k-smeru.html?piano_t=1

MARC

LEADER 00000nab a2200000 a 4500
001 vtls011593095
003 SK-MaSNL
005 20260305000047.0
008 171108c20161111xo drz 0 0slo
038 |a KEVKJB 
040 |a KEVKJB  |b slo  |c KEVKJB  |e AACR2 
041 0 |a slo 
044 |a xo  |c SK 
080 |a 614.61  |2 2011 
100 0 |a (jav)  |4 aut  |9 877976 
245 1 0 |a Stavebné parcely sa vyliahli z cintorína  |b známe mená nemajú ďaleko k Smeru  |c [autor](JAV) 
300 |b Fotogr. 
610 2 7 |a Evanjelický cintorín (Košice, Slovensko)  |2 kevkjb  |9 1043533 
650 0 7 |a stavebné pozemky  |2 kevkjb  |9 725815 
651 7 |a Košice (Slovensko)  |2 kevkjb  |9 18694 
773 0 |t Korzár : denník Košického kraja  |g Roč. XIX., č. 262 (11.11.2016), s. 3  |x 1338-659X 
852 |a KEVKJB  |b KIS3GCP 
856 4 1 |u http://kosice.korzar.sme.sk/c/20381089/stavebne-parcely-sa-vyliahli-z-cintorina-zname-mena-nemaju-daleko-k-smeru.html?piano_t=1 
999 |c 3211990  |d 3213920